|
|
|
|
| LEADER |
02968nam a2200577 aa4500 |
| 001 |
nkc20081791573 |
| 003 |
CZ PrNK |
| 005 |
20210428110042.0 |
| 007 |
ta |
| 008 |
080214s2007 xr a e p 001 0 cze |
| 015 |
|
|
|a cnb001791573
|
| 020 |
|
|
|a 978-80-213-1698-0
|q (část 2 ;
|q brož.) :
|c Kč 78,00 (1. dotisk Kč 84,00 ; 2. dotisk Kč 95,00)
|
| 035 |
|
|
|a (OCoLC)228670379
|
| 040 |
|
|
|a ABA001
|b cze
|
| 072 |
|
7 |
|a 316
|x Sociologie
|2 Konspekt
|9 18
|
| 072 |
|
7 |
|a 37.016
|x Učební osnovy. Vyučovací předměty. Učebnice
|2 Konspekt
|9 22
|
| 080 |
|
|
|a 316:303
|2 MRF
|
| 080 |
|
|
|a 316.334.55
|2 MRF
|
| 080 |
|
|
|a 316.33:631
|2 MRF
|
| 080 |
|
|
|a (075.8)
|2 MRF
|
| 100 |
1 |
|
|a Majerová, Věra,
|d 1944-
|7 jx20040216021
|4 aut
|
| 245 |
1 |
0 |
|a Empirický výzkum v sociologii venkova a zemědělství /
|c Věra Majerová, Emerich Majer
|
| 250 |
|
|
|a Vyd. 2.
|
| 260 |
|
|
|a V Praze :
|b Česká zemědělská univerzita, Provozně ekonomická fakulta,
|c 2007
|
| 300 |
|
|
|a 1 sv. ;
|c 21 cm
|
| 500 |
|
|
|a Pod názvem: Česká zemědělská univerzita v Praze, Provozně ekonomická fakulta, katedra humanitních věd
|
| 500 |
|
|
|a 1. dotisk 2. části v r. 2009, 2. dotisk 2010, 3. dotisk 2012, 4. dotisk 2013, 5. dotisk 2015
|
| 500 |
|
|
|a 500 výt., 1. dotisk 2. části 800 výt., 2. a 5. dotisk 300 výt.
|
| 504 |
|
|
|a Obsahuje bibliografii, bibliografické odkazy a rejstřík
|
| 505 |
0 |
|
|a část II. 2007. 277 s.
|
| 521 |
8 |
|
|a Určeno pro posluchače oborů Veřejná správa a regionální rozvoj, Provoz a ekonomika
|
| 650 |
0 |
7 |
|a sociologický výzkum
|7 ph125750
|x metodologie
|2 czenas
|
| 650 |
0 |
7 |
|a sociologie venkova
|7 ph125763
|2 czenas
|
| 650 |
0 |
7 |
|a sociologie zemědělství
|7 ph125767
|2 czenas
|
| 650 |
0 |
9 |
|a sociological research
|x methodology
|2 eczenas
|
| 650 |
0 |
9 |
|a rural sociology
|2 eczenas
|
| 650 |
0 |
9 |
|a sociology of agriculture
|2 eczenas
|
| 655 |
|
7 |
|a učebnice vysokých škol
|7 fd133772
|2 czenas
|
| 655 |
|
9 |
|a textbooks (higher)
|2 eczenas
|
| 700 |
1 |
|
|a Majer, Emerich,
|d 1936-
|7 mzk2005312859
|4 aut
|
| 710 |
2 |
|
|a Česká zemědělská univerzita v Praze.
|b Katedra humanitních věd
|7 kn20020321511
|
| 910 |
2 |
|
|a BOA001
|b 2-1199.160
|
| 990 |
|
|
|a BK
|
| 995 |
|
|
|a 01
|
| 991 |
|
|
|b 200803
|c NOV
|
| 996 |
6 |
|
|b 2610335470
|c 2-1199.160
|d Část II.
|v 2
|l MZK
|r Sklad / do 1 hodiny
|n 3
|p p.v.
|w 000886403
|u 000010
|a 1
|e BOA001
|j MZK50
|s P
|
| 996 |
7 |
|
|b 2610394626
|c 2-1199.160
|d Část II.
|v 2
|l MZK
|r Sklad / do 1 hodiny
|n 10
|p p.v.
|w 000886403
|u 000020
|a 1
|e BOA001
|j MZK50
|s A
|
| 996 |
7 |
|
|b 2610468682
|c 2-1199.160
|d Část II.
|v 2
|l MZK
|r Sklad / do 1 hodiny
|n 2
|p p.v.
|w 000886403
|u 000030
|a 1
|e BOA001
|j MZK50
|s A
|
| 996 |
7 |
|
|b 2610530347
|c 2-1199.160
|d Část II.
|v 2
|l MZK
|r Sklad / do 1 hodiny
|n 4
|p p.v.
|w 000886403
|u 000040
|a 1
|e BOA001
|j MZK50
|s A
|
| 996 |
7 |
|
|b 2610574969
|c 2-1199.160
|d Část II.
|v 2
|l MZK
|r Sklad / do 1 hodiny
|n 4
|p p.v.
|w 000886403
|u 000050
|a 1
|e BOA001
|j MZK50
|s A
|
| 996 |
7 |
|
|b 2610656283
|c 2-1199.160
|d Část II.
|v 2
|l MZK
|r Sklad / do 1 hodiny
|n 3
|p p.v.
|w 000886403
|u 000060
|a 1
|e BOA001
|j MZK50
|s A
|